[Event "2nd ShakkiNet GM"]
[Site "Helsinki FIN"]
[Date "2000.07.14"]
[Round "5"]
[White "Nyysti,S"]
[Black "Gavrikov,Vi"]
[Result "0-1"]
[WhiteElo "2224"]
[BlackElo "2563"]

1.e4 c5 2.Nf3 Nc6 3.d4 cxd4 4.Nxd4 Nf6 5.Nc3 d6 6.Bg5 Qb6 7.Nb3 e6 8.Qd2 a6
9.O-O-O Qc7 10.f4 b5 11.Bd3 Be7 12.Bxf6 Bxf6 13.Bxb5 axb5 14.Nxb5 Qb8 15.Nxd6+ Kf8
16.e5 Be7 17.Qc3 Nb4 18.Kb1 g6 19.Qxc8+ Qxc8 20.Nxc8 Rxc8 21.Rd7 g5 22.f5 Nc6
23.fxe6 fxe6 24.Rb7 Ke8 25.a4 Rf8 26.a5 Ra8 27.Rb6 Kd7 28.a6 Rfb8 29.Rxb8 Nxb8
30.Rd1+ Ke8 31.Nd4 Rxa6 32.Nb5 Rc6 33.b3 Rc5 34.Nd6+ Bxd6 35.exd6 Rd5  0-1

[Event "ch-Paris"]
[Site "Paris FRA"]
[Date "2000.07.15"]
[Round "1"]
[White "Belluire,P"]
[Black "Verat,L"]
[Result "0-1"]
[WhiteElo "2124"]
[BlackElo "2316"]

1.e4 c5 2.Nf3 d6 3.d4 cxd4 4.Nxd4 Nf6 5.Nc3 Nc6 6.Bg5 e6 7.Qd2 a6 8.O-O-O Bd7
9.f4 h6 10.Bh4 Nxe4 11.Nxe4 Qxh4 12.Nxc6 Bxc6 13.Nxd6+ Bxd6 14.Qxd6 Rd8 15.Qxd8+ Qxd8
16.Rxd8+ Kxd8 17.Bd3 g5 18.fxg5 hxg5 19.Bf1 Ke7 20.Kd2 f5 21.Ke1 Kf6 22.Kf2 Rh4
23.Be2 e5 24.h3 g4 25.c4 gxh3 26.Rxh3 Rxh3 27.gxh3 Kg5 28.Kg3 f4+ 29.Kf2 e4
30.Bg4 e3+ 31.Ke2 Kh4 32.b4 Kg3 33.a3 Ba4 34.Bc8 f3+  0-1

[Event "ch-Paris"]
[Site "Paris FRA"]
[Date "2000.07.15"]
[Round "1"]
[White "Lanka,Z"]
[Black "Troffiguer,O"]
[Result "1-0"]
[WhiteElo "2504"]
[BlackElo "2144"]

1.e4 c5 2.Nf3 Nc6 3.d4 cxd4 4.Nxd4 Nf6 5.Nc3 d6 6.Bg5 e6 7.Qd2 a6 8.O-O-O h6
9.Be3 Be7 10.f3 Nxd4 11.Bxd4 b5 12.Kb1 b4 13.Na4 Rb8 14.Qf2 Bd7 15.Nb6 Bb5
16.Nc4 Qc7 17.Bxf6 gxf6 18.Ne3 Qc5 19.f4 a5 20.Bxb5+ Rxb5 21.Qe2 Kd7 22.f5 Rc8
23.Rd3 a4 24.b3 axb3 25.cxb3 Rb6 26.Nc4 Rbc6 27.Rhd1 Kc7 28.Qh5 Rf8 29.Qh3 Ra8
30.R3d2 Qa7 31.Rc1 d5 32.fxe6 Rxc4 33.Rxc4+ dxc4 34.Rd7+ Kb8 35.Qg3+  1-0

[Event "2nd ShakkiNet GM"]
[Site "Helsinki FIN"]
[Date "2000.07.16"]
[Round "7"]
[White "Anka,E"]
[Black "Yrjola,J"]
[Result "1/2-1/2"]
[WhiteElo "2474"]
[BlackElo "2438"]

1.e4 c5 2.Nf3 d6 3.d4 cxd4 4.Nxd4 Nf6 5.Nc3 Nc6 6.Bg5 e6 7.Qd2 a6 8.O-O-O Bd7
9.f4 b5 10.Bxf6 gxf6 11.Nxc6 Bxc6 12.Qe1 b4 13.Nd5 a5 14.Bd3 Bg7 15.f5 Bxd5
16.exd5 e5 17.Bb5+ Ke7 18.Ba4 Qb6 19.Rd3 Rag8 20.Kb1 h5 21.g3 h4 22.g4 h3
23.Qf1 Rh4 24.Rxh3 Rxg4 25.Rg3 Bh6 26.Qh3 Rxg3 27.hxg3 Bf4 28.g4 e4 29.c3 Be5
30.cxb4 Qf2 31.Qb3 Rxg4 32.bxa5 Rg1+ 33.Rxg1 Qxg1+ 34.Qd1 Qf2 35.Qc2 Qe1+
36.Qd1 Qxa5 37.Bb3 e3 38.Qe2 Bd4 39.a3 Qc5 40.Qd3 Qb6  1/2-1/2

[Event "Golden Cleopatra Open"]
[Site "Cairo EGY"]
[Date "2000.07.17"]
[Round "6"]
[White "Hassan,Say"]
[Black "El Ghazali,Y"]
[Result "1-0"]
[WhiteElo "2365"]
[BlackElo "2380"]

1.e4 c5 2.Nf3 Nc6 3.d4 cxd4 4.Nxd4 Nf6 5.Nc3 d6 6.Bg5 e6 7.Qd2 a6 8.O-O-O h6
9.Be3 Be7 10.f3 Bd7 11.Qf2 b5 12.Nb3 Rb8 13.g4 Ne5 14.h4 a5 15.Be2 b4 16.Nb1 a4
17.Nd4 b3 18.axb3 axb3 19.Nxb3 Ba4 20.Nd4 Qc7 21.Nc3 Qa5 22.g5 Nfd7 23.f4 d5
24.fxe5 Ba3 25.Nxa4 Rxb2 26.Nxb2 Qc3 27.Rd3 Qxb2+ 28.Kd2 Qb4+ 29.c3 Qb2+
30.Nc2 Nxe5 31.Rd4 O-O 32.Qg1 Rc8 33.Qa1 Qxa1 34.Rxa1 Bb2 35.Ra3 Bxa3 36.Nxa3 hxg5
37.hxg5 Ra8 38.Nc2 Nc6 39.exd5 Nxd4 40.Bxd4 exd5 41.Nb4 Rd8 42.Bf3 Kh7 43.Bh5 Rd7
44.Nd3 Rc7 45.Nf4 f6 46.Bg6+ Kg8 47.gxf6 Rc6 48.Be8  1-0

[Event "ch-Paris"]
[Site "Paris FRA"]
[Date "2000.07.17"]
[Round "3"]
[White "Mullon,J"]
[Black "Soulages,L"]
[Result "1-0"]
[WhiteElo "2296"]
[BlackElo "2133"]

1.e4 c5 2.Nf3 d6 3.d4 cxd4 4.Nxd4 Nf6 5.Nc3 Nc6 6.Bg5 a6 7.Qd2 Bd7 8.f3 e6
9.O-O-O Be7 10.Be3 O-O 11.g4 Be8 12.g5 Nd7 13.h4 Nde5 14.Qg2 Nxd4 15.Bxd4 Qa5
16.h5 Nc6 17.Be3 b5 18.Kb1 b4 19.Ne2 Rc8 20.Nc1 Ne5 21.Nb3 Qa4 22.f4 Nc4
23.Bc1 Na5 24.Bd3 Nxb3 25.axb3 Qc6 26.Rdg1 a5 27.g6 fxg6 28.hxg6 h6 29.Qh3 Bd7
30.f5 exf5 31.Bc4+  1-0

[Event "ch-Paris"]
[Site "Paris FRA"]
[Date "2000.07.17"]
[Round "3"]
[White "Bakus,M"]
[Black "Verat,L"]
[Result "0-1"]
[WhiteElo "2170"]
[BlackElo "2316"]

1.e4 c5 2.Nf3 d6 3.d4 cxd4 4.Nxd4 Nf6 5.Nc3 Nc6 6.Bg5 e6 7.Qd2 a6 8.O-O-O Bd7
9.f4 h6 10.Bxf6 Qxf6 11.e5 dxe5 12.fxe5 Qxe5 13.Nf3 Qc7 14.Ne4 f5 15.Nd6+ Bxd6
16.Qxd6 Qxd6 17.Rxd6 Ke7 18.Rd2 e5 19.Nh4 Rhd8 20.Rf2 f4 21.Bd3 Kf6 22.Re1 g5
23.Nf3 Bf5 24.Be4 Bxe4 25.Rxe4 g4 26.Nd2 Kf5 27.Re1 Rac8 28.a3 Nd4 29.Ne4 Nb3+
30.Kb1 Nc5 31.Ng3+ Kg6 32.Nf1 Rd5 33.b4 Na4 34.Nd2 Nc3+ 35.Kb2 Kf5 36.Nf1 Kg6
37.Nd2 h5 38.g3 f3 39.Nf1 Nd1+ 40.Rxd1 Rxd1  0-1

[Event "Open"]
[Site "Dieren NED"]
[Date "2000.07.18"]
[Round "1"]
[White "Van der Weide,K"]
[Black "Veerman,J"]
[Result "1-0"]
[WhiteElo "2467"]
[BlackElo "2168"]

1.e4 c5 2.Nf3 Nc6 3.d4 cxd4 4.Nxd4 Nf6 5.Nc3 d6 6.Bg5 e6 7.Qd2 a6 8.O-O-O h6
9.Be3 Bd7 10.f4 b5 11.Bd3 Nxd4 12.Bxd4 b4 13.Ne2 e5 14.fxe5 dxe5 15.Bxe5 Qa5
16.Bxf6 Qxa2 17.c3 gxf6 18.Bc4 Qa1+ 19.Kc2 Ba4+ 20.Bb3 Qa2 21.Nc1 Bxb3+ 22.Nxb3 Qa4
23.Qd5 Rc8 24.Qb7 Qc6 25.Qxc6+ Rxc6 26.Nd4 Rc8 27.Kd3 bxc3 28.bxc3 Ba3 29.Rb1 Rg8
30.g3 Rg5 31.Nf5 Rd8+ 32.Ke2 h5 33.h3 Bd6 34.Rhg1 Be5 35.Rb3 a5 36.Ra3 Ra8
37.Kf3 Rc8 38.Rc1 Rc5 39.Rc2 Kd7 40.Rd2+ Kc7 41.Rd3 Rg8 42.Rd5 Rxd5 43.exd5 Kb6
44.c4 Kc5 45.Rxa5+ Kxc4 46.Ra3 Kc5 47.Rd3 Kc4 48.Ke4 Re8 49.Ne3+ Kc5 50.Kf3 Rg8
51.Nf5 Kc4 52.Rd1 Rd8 53.Ke4 Re8 54.Kf3 Rd8 55.Ne3+ Kc5 56.Rc1+ Kd6 57.Nf5+ Kd7
58.Rb1 Kc7 59.Rd1 Ra8 60.Rd3 Kd7 61.Rb3 Kc7 62.Rd3 Kd7 63.Re3 Ra5 64.Ng7 Bd4
65.Rd3 Ra4 66.Nxh5 Kd6 67.Ng7 Ke5 68.g4 Ra2 69.Nf5 Bb6 70.d6 Ke6 71.d7 Bd8
72.h4 Rh2 73.h5 Rh3+ 74.Ke4 Rh1 75.Rd6+  1-0

[Event "WIPRO GM"]
[Site "Hyderabad IND"]
[Date "2000.07.18"]
[Round "3"]
[White "Prasad,D"]
[Black "Ionov,S"]
[Result "1/2-1/2"]
[WhiteElo "2431"]
[BlackElo "2542"]

1.e4 c5 2.Nf3 d6 3.d4 cxd4 4.Nxd4 Nf6 5.Nc3 Nc6 6.Bg5 e6 7.Qd2 Qb6 8.Nb3 Be7
9.Bxf6 Bxf6 10.Qxd6 Be5 11.Qc5 Qxc5 12.Nxc5 Ke7 13.Bb5 Nd4 14.O-O-O Rd8 15.Nb3 Nxb5
16.Nxb5 Bd7 17.N5d4 Rac8 18.g3 Be8 19.Rd3 Bc7 20.Rhd1 Bb6 21.c3 g6 22.e5 g5
23.f4 h6 24.Na1 gxf4 25.gxf4 f6 26.Nac2 fxe5 27.fxe5 Rc5 28.Rh3 h5 29.Nf3 Rxd1+
30.Kxd1 Bc7 31.Kd2 Bxe5 32.Nxe5 Rxe5 33.Re3 Rd5+ 34.Rd3 Rf5 35.Ke3 Rf1 36.Rd1 Bg6  1/2-1/2

[Event "Open"]
[Site "Dieren NED"]
[Date "2000.07.19"]
[Round "2"]
[White "Van Delft,M"]
[Black "Murey,J"]
[Result "0-1"]
[WhiteElo "2320"]
[BlackElo "2509"]

1.e4 c5 2.Nf3 Nc6 3.d4 cxd4 4.Nxd4 Nf6 5.Nc3 d6 6.Bg5 Bd7 7.Bxf6 gxf6 8.Be2 Qa5
9.O-O Nxd4 10.Qxd4 Qc5 11.Qd2 Rc8 12.Nd5 Qxc2 13.Qe3 Qc5 14.Qb3 f5 15.exf5 b5
16.Rfe1 Kd8 17.Bf3 Bxf5 18.Nxe7 Bxe7 19.Qxf7 Rc7 20.Rad1 Bh4  0-1

[Event "ch-Paris"]
[Site "Paris FRA"]
[Date "2000.07.20"]
[Round "6"]
[White "David,Alb"]
[Black "Lanka,Z"]
[Result "1/2-1/2"]
[WhiteElo "2487"]
[BlackElo "2504"]

1.e4 c5 2.Nf3 Nc6 3.d4 cxd4 4.Nxd4 Nf6 5.Nc3 d6 6.Bg5 e6 7.Qd2 a6 8.O-O-O h6
9.Nxc6 bxc6 10.Bf4 d5 11.Qe3 Bb4 12.Be2 O-O 13.e5 Nd7 14.Qg3 Bxc3 15.Qxc3 Qh4
16.g3 Qe7 17.Qxc6 Rb8 18.Qd6 Qd8 19.Be3 Bb7 20.Bd4 Rc8 21.Bd3 Rc6 22.Qa3 Qc7
23.f4 Rc8 24.Kb1 Nc5 25.Bxc5 Rxc5 26.Qa4 d4 27.Rhe1 Bf3 28.Rd2 Rd8 29.Qa3 Bd5
30.b3 a5 31.Be4 Bxe4 32.Rxe4 Rcd5 33.Qa4 Qc3 34.Rd3 Qc5 35.Qc4 Qb6 36.Qa4 Qc5
37.Qc4 Qb6 38.Qa4  1/2-1/2

[Event "10th Smith & Williamson YM"]
[Site "Witley ENG"]
[Date "2000.07.20"]
[Round "7"]
[White "Mahesh Chandran,P"]
[Black "Werle,J"]
[Result "1/2-1/2"]
[WhiteElo "2238"]
[BlackElo "2311"]

1.e4 c5 2.Nf3 d6 3.d4 cxd4 4.Nxd4 Nf6 5.Nc3 Nc6 6.Bg5 e6 7.Qd2 a6 8.O-O-O h6
9.Be3 Be7 10.f4 Nxd4 11.Bxd4 b5 12.Qe3 Qc7 13.e5 dxe5 14.fxe5 Nd7 15.Ne4 Bb7
16.Nd6+ Qxd6 17.exd6 Bg5 18.Qxg5 hxg5 19.Bxg7 Rh4 20.Bd4 Rc8 21.Bf2 Rh6 22.Be3 f6
23.h3 e5 24.Rg1 Be4 25.Rd2 Rc6 26.Be2 Kf7 27.b3 Rh8 28.Kb2 Ke6 29.c4 b4 30.Rgd1 Rd8
31.g3 Nc5 32.Rf1 Rcxd6 33.Rxd6+ Rxd6 34.a3 Nd3+ 35.Ka2 a5 36.Rd1 bxa3 37.Kxa3 Nb4
38.Rxd6+ Kxd6 39.Bb6 Nc6 40.Ka4 Bc2 41.c5+ Ke7 42.Bc4 f5 43.Bxa5 Nxa5 44.Kxa5 f4
45.gxf4 gxf4 46.c6 Kd6 47.Kb6 Bf5 48.Be2 e4 49.Bg4 Bxg4 50.hxg4 f3 51.c7 f2
52.c8=Q f1=Q 53.Qc6+ Ke5 54.Qc5+ Ke6 55.Qc6+ Ke5 56.Qc5+ Ke6  1/2-1/2

[Event "ch-Paris"]
[Site "Paris FRA"]
[Date "2000.07.21"]
[Round "7"]
[White "Bakus,M"]
[Black "Berthelot,Y"]
[Result "0-1"]
[WhiteElo "2170"]
[BlackElo "2312"]

1.e4 c5 2.Nf3 Nc6 3.d4 cxd4 4.Nxd4 Nf6 5.Nc3 d6 6.Bg5 e6 7.Qd2 a6 8.O-O-O h6
9.Be3 Be7 10.f4 Bd7 11.Bd3 b5 12.h3 Nxd4 13.Bxd4 b4 14.Ne2 e5 15.Be3 Qa5
16.Kb1 O-O 17.g4 exf4 18.Bxf4 Be6 19.b3 d5 20.Ng3 dxe4 21.Nxe4 Nxe4 22.Bxe4 Rad8
23.Bd3 Bf6 24.Qh2 Rd5 25.Be4 Qxa2+  0-1

[Event "10th Open"]
[Site "Jyvaskyla FIN"]
[Date "2000.07.22"]
[Round "8"]
[White "Rytshagov,M"]
[Black "Gavrikov,Vi"]
[Result "1/2-1/2"]
[WhiteElo "2529"]
[BlackElo "2549"]

1.e4 c5 2.Nf3 Nc6 3.d4 cxd4 4.Nxd4 Nf6 5.Nc3 d6 6.Bg5 e6 7.Qd2 a6 8.O-O-O Qb6
9.Nb3 Qc7 10.f4 b5 11.Kb1 Rb8 12.Bd3 Be7 13.h4 b4 14.Ne2 Ng4  1/2-1/2

[Event "KB Czech Open"]
[Site "Pardubice CZE"]
[Date "2000.07.22"]
[Round "2"]
[White "Maes,W"]
[Black "Almasi,I"]
[Result "0-1"]
[WhiteElo "2305"]
[BlackElo "2429"]

1.e4 c5 2.Nf3 d6 3.d4 cxd4 4.Nxd4 Nf6 5.Nc3 Nc6 6.Bg5 Bd7 7.Be2 Qa5 8.Bxf6 gxf6
9.O-O Nxd4 10.Qxd4 Rc8 11.Kh1 Qc5 12.Qd2 Bg7 13.Bd3 O-O 14.Nd5 Rce8 15.c3 e6
16.Ne3 f5 17.f4 fxe4 18.Bxe4 d5 19.Bf3 Bb5 20.Rfd1 Ba4 21.Re1 d4 22.cxd4 Qxd4
23.Qxd4 Bxd4 24.Rab1 b6 25.b3 Bb5 26.Be2 Bc6 27.Nc4 Rd8 28.Rbd1 Bc3 29.Rf1 Bd5
30.Rc1 Bg7 31.Bf3 Bxf3 32.Rxf3 Rd5 33.Rcf1 Rfd8 34.g3 b5 35.Ne3 Rd2 36.R3f2 Rxf2
37.Rxf2 Rd3 38.Nc2 Bf8 39.Re2 Bc5 40.Kg2 b4 41.Ne1 Rd5  0-1

[Event "Open"]
[Site "Dieren NED"]
[Date "2000.07.24"]
[Round "6"]
[White "Van der Wiel,J"]
[Black "Spaan,N"]
[Result "1-0"]
[WhiteElo "2531"]
[BlackElo "2268"]

1.e4 c5 2.Nc3 d6 3.Nge2 Nc6 4.d4 cxd4 5.Nxd4 Nf6 6.Bg5 e6 7.Qd2 Be7 8.O-O-O O-O
9.Nb3 a5 10.a3 a4 11.Nd4 Nxd4 12.Qxd4 Bd7 13.h4 Qa5 14.f3 Rfc8 15.Bd2 Qc7
16.g4 d5 17.g5 Bc5 18.Qd3 dxe4 19.Nxe4 Nxe4 20.fxe4 Bd4 21.c3 Be5 22.Kb1 Bc6
23.Qf3 b5 24.Bd3 Rd8 25.Bc2 Rd7 26.Be3 Rxd1+ 27.Rxd1 Rd8 28.Rf1 Be8 29.h5 Qe7
30.Rg1 Bc6 31.Qg4 Rf8 32.Rd1 Rd8 33.Rf1 Rf8 34.Qg1 Qb7 35.Bc5 Rd8 36.Qg4 Qd7
37.g6 fxg6 38.hxg6 hxg6 39.Rd1 Qe8 40.Rxd8 Qxd8 41.Qxe6+  1-0

[Event "Open"]
[Site "Dieren NED"]
[Date "2000.07.24"]
[Round "6"]
[White "Diepeveen,V"]
[Black "Odendahl,R"]
[Result "1-0"]
[WhiteElo "2254"]
[BlackElo "2349"]

1.e4 c5 2.Nf3 d6 3.d4 cxd4 4.Nxd4 Nf6 5.Nc3 Nc6 6.Bg5 e6 7.Qd2 a6 8.O-O-O h6
9.Bh4 Nxe4 10.Qf4 Ng5 11.Nxc6 bxc6 12.Qa4 Qb6 13.f4 Rb8 14.fxg5 d5 15.b3 Be7
16.gxh6 Qe3+ 17.Kb2 Bb4 18.Rd3 Qxh6 19.Bg3 Bd7 20.Bxb8 c5 21.Qxa6 O-O 22.Bd6 d4
23.Bxf8 Bxc3+ 24.Kb1 Kxf8 25.Qd6+ Ke8 26.Rh3  1-0

[Event "KB Czech Open"]
[Site "Pardubice CZE"]
[Date "2000.07.24"]
[Round "4"]
[White "Fogarasi,T"]
[Black "Breder,D"]
[Result "0-1"]
[WhiteElo "2456"]
[BlackElo "2336"]

1.e4 c5 2.Nf3 Nc6 3.d4 cxd4 4.Nxd4 Nf6 5.Nc3 d6 6.Bg5 e6 7.Qd2 Be7 8.O-O-O Nxd4
9.Qxd4 O-O 10.f3 a6 11.h4 Qa5 12.Bc4 b5 13.Bb3 Bb7 14.g4 Rfd8 15.Kb1 Rac8
16.Qd2 Qc7 17.Bf4 Bc6 18.h5 b4 19.Na4 Qa5 20.g5 Ne8 21.g6 Bxa4 22.h6 Bxb3
23.gxh7+ Kh8 24.hxg7+ Nxg7 25.axb3 Rc5 26.Bh6 Rh5 27.Bxg7+ Kxg7 28.Rdg1+ Kh8
29.f4 Rxh1 30.Rxh1 Bf6 31.Qg2 Rf8 32.Rg1 Qd8 33.Qg3 Qb8 34.Re1 Qd8 35.Rg1 Qb8
36.Re1 e5 37.f5 d5 38.exd5 e4 39.d6 Rd8 40.Rxe4 Rxd6 41.Qe3 Rd8 42.Qh6 Qb6
43.Rxb4 Rd1+ 44.Ka2 Ra1+ 45.Kxa1 Bxb2+ 46.Kxb2 Qxh6 47.Kb1 Qg5  0-1

[Event "MTO Open"]
[Site "Biel SUI"]
[Date "2000.07.27"]
[Round "4"]
[White "Klovans,J"]
[Black "Avrukh,B"]
[Result "1/2-1/2"]
[WhiteElo "2481"]
[BlackElo "2625"]

1.e4 c5 2.Nf3 d6 3.d4 cxd4 4.Nxd4 Nf6 5.Nc3 Nc6 6.Bg5 e6 7.Qd2 a6 8.O-O-O h6
9.Be3 Be7 10.f3 Nxd4 11.Bxd4 b5 12.Kb1 Rb8 13.Ba7 Rb7 14.Be3 b4 15.Ne2 e5
16.Nc1 Rb8 17.g4 a5 18.Bc4 Be6 19.Bxe6 fxe6 20.h4 Nd7 21.f4 Qc7 22.Nd3 Nf6
23.Nf2 exf4 24.Bxf4 e5 25.Be3 Qc4 26.g5 Nxe4 27.Nxe4 Qxe4 28.gxh6 gxh6 29.Rhe1 Qc4
30.Bxh6 b3 31.axb3 Qb4 32.Qc1 a4 33.Bg5 Bf8 34.Rd3 Rh7 35.Qd1 Rc8 36.Rd4 Qb7
37.Rxa4 Rf7 38.Qd3 Rf3 39.Qe2 Qf7 40.Qb5+ Qd7 41.Qd5 Qf7 42.Rxe5+ dxe5 43.Qxe5+ Be7
44.Ra7 Rf1+ 45.Ka2 Rf6 46.Bxf6 Qxf6 47.Qd5 Kf8 48.h5 Rxc2 49.Ra8+ Kg7 50.h6+ Kxh6
51.Qh1+ Kg7 52.Qh8+ Kg6 53.Rg8+ Kf5 54.Qh7+ Ke5 55.Qxc2 Qa6+ 56.Kb1 Qf1+  1/2-1/2

[Event "ch-HUN Women"]
[Site "Budapest HUN"]
[Date "2000.07.29"]
[Round "9"]
[White "Medvegy,N"]
[Black "Madl,I"]
[Result "1-0"]
[WhiteElo "2350"]
[BlackElo "2418"]

1.e4 c5 2.Nf3 d6 3.d4 Nf6 4.Nc3 cxd4 5.Nxd4 Nc6 6.Bg5 e6 7.Qd2 a6 8.O-O-O Be7
9.f4 Nxd4 10.Qxd4 b5 11.Bxf6 gxf6 12.f5 Qa5 13.Kb1 Bb7 14.a3 Rc8 15.Be2 e5
16.Qb4 Qb6 17.Qb3 Qf2 18.Rhf1 Qh4 19.a4 Bxe4 20.axb5 O-O 21.bxa6 Bc6 22.g3 Qxh2
23.Bf3 Bxf3 24.Rxf3 Kg7 25.Nd5 Bd8 26.a7 Qe2 27.Qd3 Qg2 28.Re3 Ra8 29.Qa6 Qf2
30.g4 h5 31.Qb7 Ba5 32.b4 Rfc8 33.Rc1 Bxb4 34.Qe7 Qh4 35.Nxb4 hxg4 36.Nd5 Rc6
37.Qb7 Rcc8 38.Nb6  1-0

[Event "MTO Open"]
[Site "Biel SUI"]
[Date "2000.08.03"]
[Round "10"]
[White "Pikula,D"]
[Black "Raetsky,A"]
[Result "1/2-1/2"]
[WhiteElo "2503"]
[BlackElo "2425"]

1.e4 c5 2.Nf3 d6 3.d4 cxd4 4.Nxd4 Nf6 5.Nc3 Nc6 6.Bg5 e6 7.Qd2 a6 8.O-O-O h6
9.Be3 Be7 10.f3 Nxd4 11.Bxd4 b5 12.Kb1 Rb8 13.Ba7 Rb7 14.Be3 Nd7 15.Bd3 Ne5
16.f4 Nxd3 17.cxd3 d5 18.Bd4  1/2-1/2

[Event "MTO Open"]
[Site "Biel SUI"]
[Date "2000.08.03"]
[Round "10"]
[White "Mateo,Ra"]
[Black "Cebalo,M"]
[Result "1-0"]
[WhiteElo "2371"]
[BlackElo "2520"]

1.e4 c5 2.Nf3 d6 3.d4 cxd4 4.Nxd4 Nf6 5.Nc3 Nc6 6.Bg5 e6 7.Qd2 a6 8.O-O-O h6
9.Bf4 Bd7 10.Nxc6 Bxc6 11.Qe1 Qa5 12.Bc4 Rc8 13.Bb3 Be7 14.Kb1 Qc5 15.f3 b5
16.Be3 Qh5 17.Ne2 Qg6 18.Nf4 Qh7 19.Qa5 Bd7 20.Qxa6 O-O 21.Qa5 Bd8 22.Qd2 Bc7
23.h4 d5 24.g4 Bxf4 25.Bxf4 dxe4 26.g5 Nd5 27.gxh6 Qf5 28.hxg7 Rfe8 29.fxe4 Qxe4
30.Rhf1 Bc6 31.Rde1 Qh7 32.Be5 Re7 33.h5 Rd7 34.Qg5 Bb7 35.Rd1 b4 36.Rd4 Rc5
37.Rfd1 Rc8 38.h6 Rc5 39.Qh5 Rc8 40.Rxb4 f6 41.Bxf6 Rf7 42.Rc4 Re8 43.Bc3 Ne3
44.Rc7  1-0

[Event "FIDE women's World Cup Gp D"]
[Site "Shenyang CHN"]
[Date "2000.08.03"]
[Round "3"]
[White "Xie Jun"]
[Black "Wang Lei"]
[Result "1-0"]
[WhiteElo "2568"]
[BlackElo "2498"]

1.e4 c5 2.Nf3 Nc6 3.d4 cxd4 4.Nxd4 Nf6 5.Nc3 d6 6.Bg5 e6 7.Qd2 a6 8.O-O-O h6
9.Be3 Be7 10.f4 Nxd4 11.Bxd4 b5 12.Kb1 Bb7 13.Bd3 O-O 14.e5 dxe5 15.fxe5 Nd7
16.Ne4 Bxe4 17.Bxe4 Rb8 18.c3 Qc7 19.Bc2 Rfd8 20.Rhf1 Nc5 21.Rf3 Bf8 22.Rdf1 Rd7
23.g4 a5 24.g5 hxg5 25.Qxg5 b4 26.Bh7+  1-0

[Event "MTO Open"]
[Site "Biel SUI"]
[Date "2000.08.04"]
[Round "11"]
[White "Gershon,A"]
[Black "Kelecevic,N"]
[Result "1-0"]
[WhiteElo "2502"]
[BlackElo "2414"]

1.e4 c5 2.Nf3 Nc6 3.d4 cxd4 4.Nxd4 Nf6 5.Nc3 d6 6.Bg5 e6 7.Qd2 a6 8.O-O-O h6
9.Nxc6 bxc6 10.Bf4 d5 11.Qe3 Qa5 12.Be2 dxe4 13.Qg3 Nd5 14.Nxd5 exd5 15.a3 Be6
16.f3 exf3 17.Bxf3 Rc8 18.Rhe1 g5 19.Bh5 Kd8 20.Be5 Rg8 21.Bf6+ Kd7 22.Bc3 Qc7
23.Bxf7 Bxf7 24.Qg4+ Kd8 25.Bf6+ Be7 26.Rxe7 Qxe7 27.Bxe7+ Kxe7 28.Re1+ Kd6
29.Qb4+ c5 30.Qb7 Rce8 31.Qxa6+ Kd7 32.Qb7+ Kd6 33.Rxe8 Bxe8 34.Qb6+ Bc6
35.b4 cxb4 36.axb4 Kd7 37.b5 Ba8 38.Qa7+ Kd6 39.b6  1-0

[Event "FSELOB August"]
[Site "Budapest HUN"]
[Date "2000.08.05"]
[Round "1"]
[White "Erdelyi,Z"]
[Black "Leclair,M"]
[Result "1-0"]
[WhiteElo "2207"]
[BlackElo "2050"]

1.e4 c5 2.Nf3 Nc6 3.d4 cxd4 4.Nxd4 Nf6 5.Nc3 d6 6.Bg5 e6 7.Qd2 a6 8.O-O-O h6
9.Bf4 Bd7 10.Nxc6 Bxc6 11.f3 e5 12.Be3 b5 13.Nd5 Nxd5 14.exd5 Bd7 15.f4 Be7
16.Re1 Bf5 17.Bd3 e4 18.Be2 Bf6 19.g4 Bd7 20.Bf3 O-O 21.Bxe4 Bxg4 22.f5 Qe7
23.Qg2 Rae8 24.Bf4 h5 25.h3 Bh4 26.hxg4 Bxe1 27.Rxe1 Qh4 28.Rg1 Qxg4 29.Qf2 Qxg1+
30.Qxg1 Rxe4 31.f6 g6 32.Qg5  1-0

[Event "Open"]
[Site "Chania GRE"]
[Date "2000.08.07"]
[Round "6"]
[White "Makropoulou,M"]
[Black "Bagaturov,G"]
[Result "0-1"]
[WhiteElo "2284"]
[BlackElo "2501"]

1.e4 c5 2.Nf3 d6 3.d4 cxd4 4.Nxd4 Nf6 5.Nc3 Nc6 6.Bg5 e6 7.Qd2 a6 8.O-O-O Qb6
9.Nb3 Be7 10.f4 O-O 11.Be2 Bd7 12.Kb1 Rfd8 13.Rhf1 Rac8 14.Qe1 Ne8 15.Bh5 Bxg5
16.Bxf7+ Kxf7 17.fxg5+ Kg8 18.Na4 Qb5 19.Qf2 Nc7 20.Qf7+ Kh8 21.Nac5 Ne5
22.Qf4 Kg8 23.a4 Qc6 24.Nxd7 Qxd7 25.Nc5 Qc6 26.Nd3 Rf8 27.Qh4 Ng6 28.Qg4 Rxf1
29.Rxf1 Qxa4 30.h4 Rf8 31.Rxf8+ Nxf8 32.h5 Qe8 33.Qf4  0-1

[Event "4th ch-Arab"]
[Site "Beirut LEB"]
[Date "2000.08.08"]
[Round "4"]
[White "Labib,I"]
[Black "Al Hadarani,H"]
[Result "1-0"]
[WhiteElo "2426"]
[BlackElo "2374"]

1.e4 c5 2.Nf3 Nc6 3.d4 cxd4 4.Nxd4 Nf6 5.Nc3 d6 6.Bg5 e6 7.Qd2 a6 8.O-O-O h6
9.Nxc6 bxc6 10.Bf4 d5 11.exd5 cxd5 12.Qe3 Be7 13.Be2 O-O 14.Qg3 Kh8 15.Bc7 Qd7
16.Be5 Qc6 17.Rd4 Ne8 18.Bd3 Bf6 19.Re1 Ra7 20.Rg4 Bxe5 21.Rxe5 Rb7 22.Qe3 f5
23.Ra4 Rbf7 24.Rb4 Nd6 25.f3 Qc7 26.Ne2 Ne4 27.Nf4 Rf6 28.Qd4 Nc5 29.Re2 Bd7
30.Qe5 Qc8 31.Kb1 Kh7 32.h4 Bc6 33.Qd6 Nxd3 34.cxd3 Bb5 35.a4 Rd8 36.Qe5 Bc6
37.h5 Qd7 38.Rb8 Rxb8 39.Qxb8 Bxa4 40.Qb6 Bb5 41.Qd4 Qd6 42.Re1 Bd7 43.Re5 Bc8
44.Re2 Bd7 45.Qe5 Qxe5 46.Rxe5 Rf8 47.d4 Re8 48.Nd3 g6 49.Nc5 Bc8 50.hxg6+ Kxg6
51.Kc2 Kf6 52.Kb3 Re7 53.Ka4 Bd7+ 54.Ka5 Bb5 55.Nxa6 Bf1 56.b4 h5 57.b5 Bxg2
58.b6 Rb7 59.Nc5 Rxb6 60.Kxb6 h4 61.f4 h3 62.Rxe6+ Kg7 63.Nd3 h2 64.Nf2 h1=Q
65.Nxh1 Bxh1 66.Kc5 Be4 67.Kd6  1-0

[Event "101st US Open"]
[Site "Saint Paul USA"]
[Date "2000.08.08"]
[Round "4"]
[White "Adler,V"]
[Black "Hove,J"]
[Result "1-0"]
[WhiteElo "2425"]
[BlackElo "2204"]

1.e4 c5 2.Nf3 Nc6 3.d4 cxd4 4.Nxd4 Nf6 5.Nc3 d6 6.Bg5 e6 7.Qd2 a6 8.O-O-O h6
9.Bf4 Bd7 10.Nxc6 Bxc6 11.Qe1 Qa5 12.Kb1 Be7 13.f3 Rd8 14.Bd3 b5 15.Be3 d5
16.Nxd5 Qxe1 17.Nxf6+ Bxf6 18.Rhxe1 O-O 19.Bc5 Rfe8 20.e5 Bg5 21.Re2 Rc8
22.Bd6 Bd8 23.Be4 Bxe4 24.Rxe4 Bb6 25.a4 Ba5 26.c3 Rc6 27.axb5 axb5 28.Kc2 Rec8
29.Ra1 Bb6 30.Rb4 Bc5 31.Rxb5 Bxd6 32.exd6 Rxd6 33.Rd1 Ra6 34.Rd7  1-0

[Event "FSELOB August"]
[Site "Budapest HUN"]
[Date "2000.08.11"]
[Round "7"]
[White "Hohl,M"]
[Black "Leclair,M"]
[Result "1-0"]
[WhiteElo "2042"]
[BlackElo "2050"]

1.e4 c5 2.Nf3 Nc6 3.d4 cxd4 4.Nxd4 Nf6 5.Nc3 d6 6.Bg5 e6 7.Qd2 a6 8.O-O-O h6
9.Be3 Be7 10.f3 Qc7 11.Kb1 Bd7 12.Nxc6 Bxc6 13.h4 d5 14.exd5 Nxd5 15.Nxd5 Bxd5
16.Bd3 Bf6 17.Qb4 Rc8 18.Bb6 Qc6 19.Rhe1 Be7 20.Qd4 O-O 21.h5 Qd6 22.a3 Rc6
23.Ba7 Qc7 24.c4 Bf6 25.Qe3 Bxc4 26.Be4 Bd5 27.Bxd5 exd5 28.Bd4 Bxd4 29.Qxd4 Rd8
30.Rc1 Qd7 31.g4 Rdc8 32.Rcd1 Qd6 33.Qxd5 Qxd5 34.Rxd5 R6c7 35.f4 Kf8 36.g5 hxg5
37.fxg5 Kg8 38.g6 fxg6 39.hxg6 Rf8 40.Rh5 Rd8  1-0

[Event "It"]
[Site "Presov SVK"]
[Date "2000.08.13"]
[Round "2"]
[White "Kalod,R"]
[Black "Kovalev,A"]
[Result "0-1"]
[WhiteElo "2483"]
[BlackElo "2537"]

1.e4 c5 2.Nf3 Nc6 3.d4 cxd4 4.Nxd4 Nf6 5.Nc3 d6 6.Bg5 a6 7.Qd2 Qb6 8.Nb3 e6
9.O-O-O Qc7 10.f4 b5 11.Bxf6 gxf6 12.g3 h5 13.Kb1 Bd7 14.Bh3 b4 15.Ne2 Qb6
16.Ned4 Nxd4 17.Nxd4 Rc8 18.Rhe1 h4 19.Bg2 a5 20.Re3 hxg3 21.hxg3 Rh2 22.Rd3 Rc3
23.Nf3 Rxd3 24.cxd3 Rh8 25.d4 Rg8 26.Qe1 Be7 27.Bh3 Rh8 28.Bg2 Qb5 29.Qf2 b3
30.Bf1 bxa2+ 31.Ka1 Qb7 32.Bd3 a4 33.Nd2 d5 34.exd5 Qxd5 35.Nc4 Qb7 36.Rc1 Kf8
37.Qe2 Qa7 38.d5 exd5 39.Ne3 a3 40.Nxd5 axb2+ 41.Qxb2 Bc5 42.Qxa2 Bd4+ 43.Nc3 Qc5
44.Kb1 Qb4+ 45.Qb2 Bxc3 46.Rxc3 Rh1+  0-1

[Event "101st US Open"]
[Site "Saint Paul USA"]
[Date "2000.08.13"]
[Round "9"]
[White "Kaufman,La"]
[Black "Hoover,N"]
[Result "1-0"]
[WhiteElo "2397"]
[BlackElo "2275"]

1.e4 c5 2.Nf3 d6 3.d4 cxd4 4.Nxd4 Nf6 5.Nc3 Nc6 6.Bg5 Qb6 7.Nb3 e6 8.Be2 Be7
9.Bxf6 gxf6 10.O-O Bd7 11.Qd2 h5 12.a4 Na5 13.Nxa5 Qxa5 14.Bb5 Bc6 15.Kh1 Rc8
16.f4 a6 17.Bxc6+ Rxc6 18.Qd3 Qb4 19.Ra3 Qa5 20.Rb3 Qc7 21.f5 Rc5 22.Ne2 h4
23.Nf4 Kd7 24.fxe6+ fxe6 25.Qh3 f5 26.Nxe6  1-0

[Event "Lost Boys Open"]
[Site "Amsterdam NED"]
[Date "2000.08.14"]
[Round "4"]
[White "Van der Wiel,J"]
[Black "Van Delft,M"]
[Result "1/2-1/2"]
[WhiteElo "2531"]
[BlackElo "2320"]

1.e4 c5 2.Nf3 d6 3.d4 cxd4 4.Nxd4 Nf6 5.Nc3 Nc6 6.Bg5 e6 7.Qd2 Be7 8.O-O-O Nxd4
9.Qxd4 O-O 10.f4 Qa5 11.Bc4 Bd7 12.e5 dxe5 13.fxe5 Bc6 14.h4 Rfd8 15.Qf4 Nh5
16.Qg4 Bxg5+ 17.Qxg5 g6 18.Be2 h6 19.Qe3 Ng7 20.Bd3 h5 21.Rhg1 Qb6 22.Qxb6 axb6
23.Rde1 Nf5 24.g3 Kf8  1/2-1/2

[Event "Paul Keres mem"]
[Site "Tallinn EST"]
[Date "2000.08.15"]
[Round "2"]
[White "Dzjuba,V"]
[Black "Tsiganova,M"]
[Result "1/2-1/2"]
[WhiteElo "2279"]
[BlackElo "2225"]

1.e4 c5 2.Nf3 d6 3.d4 cxd4 4.Nxd4 Nf6 5.Nc3 Nc6 6.Bg5 e6 7.Qd2 Be7 8.O-O-O a6
9.f4 Bd7 10.Nf3 Qc7 11.Bxf6 gxf6 12.Kb1 O-O-O 13.f5 Ne5 14.Nd4 h5 15.Bd3 Qb6
16.Be2 Bf8 17.Qe1 Bh6 18.Rf1 Kb8 19.fxe6 fxe6 20.Rxf6 Bg7 21.Rxe6 Bxe6 22.Nxe6 Rd7
23.Nxg7 Rxg7 24.Nd5 Qc5 25.Nf4 Qe3 26.Qd2 Qxe4 27.Qxd6+ Ka8 28.Qd4 Qxd4 29.Rxd4 h4
30.Re4 Rg5 31.b3 Ng6 32.Nxg6 Rxg6 33.Bf3 h3 34.Re2 hxg2 35.Bxg2 Ka7 36.h3 b5
37.a3 Kb6 38.Kb2 Rh5 39.Rd2 Rhg5 40.Bf3 Rg3 41.Be4  1/2-1/2